[Event "Lvov Cup of Galychina"]
[Site "Lvov"]
[Date "2001.12.27"]
[Round "10"]
[White "Jonkman, Harmen"]
[Black "Sulypa, Oleksandr"]
[Result "1-0"]
[WhiteElo "2491"]
[BlackElo "2513"]
[Annotator "Huzman,A"]
[PlyCount "79"]
[EventDate "2001.12.18"]
[EventType "tourn"]
[EventRounds "11"]
[EventCountry "UKR"]
[EventCategory "11"]
[SourceTitle "CBM 087"]
[Source "ChessBase"]
[SourceDate "2002.03.21"]
[SourceVersion "1"]
[SourceVersionDate "2002.03.21"]
[SourceQuality "1"]

1. e4 e5 2. Nf3 Nf6 3. Nc3 Bb4 4. Nxe5 O-O 5. Be2 Re8 6. Nd3 Bxc3 7. dxc3 Nxe4
8. Nf4 d6 9. O-O Nc6 10. f3 Nc5 11. Rf2 Ne7 {[%csl Re3][%cal Ye7f5,Yf5e3]
White is hoping to use the firepower of the bishops pair. To neutralise this
plan, it was necessary to exchange the Nf4.} (11... Ne6 $5 12. Nd5 Ne7 13. Ne3
d5) 12. c4 {[%mdl 4]} Nf5 13. Qd2 {[%cal Gb2b3,Gc1b2]} Bd7 14. b3 Qf6 15. Rb1
Qd4 $1 16. Nd3 $1 (16. Nd5 Qxd2 (16... Rac8 17. b4 Qxd2 18. Bxd2 Ne6 19. Bd3
$14) 17. Bxd2 Nd4 18. Be3 Nxe2+ 19. Rxe2 Ne6 $11) 16... Ne6 (16... Nxd3 17.
Bxd3 {Now the Ns-exchange would leave the advantage with White, because of the
bad position of the Qd4.} Qb6 18. Bb2 $14) (16... Ne3 $2 17. c3 $18) (16... Bc6
17. Bb2 Qe3 18. Qxe3 Nxe3 19. Nb4 $14) 17. Bf1 a5 18. Bb2 Qe3 19. Qc3 Qb6 20.
Re1 $16 f6 21. a3 {[%cal Gb3b4]} c5 $6 (21... Re7 22. b4 axb4 23. axb4 Rae8)
22. a4 {[%csl Rd5]} Qc6 (22... Ned4 23. Nf4 Rxe1 24. Qxe1 Re8 25. Qd2 Bc6 26.
Bc3 Qa7 27. Bd3 (27. Bxa5 Ne3 28. Bd3 Nexc2 $132) 27... b6 $14) 23. Qd2 d5 $2 (
23... b6 $5 {[%cal Yd7c8,Yc8b7]} 24. Rfe2 Ned4 25. Re4 {[%cal Gd3f4]} Rxe4 26.
fxe4 Nh4 27. Bxd4 cxd4 28. Nf2 $16) 24. Ne5 $1 fxe5 25. cxd5 Qb6 26. dxe6 $18
Bxe6 27. Rxe5 Rad8 28. Qc3 {[%cal Ge5f5,Gb2g7]} Nd4 29. Qxc5 Qxc5 30. Rxc5 b6
31. Rc7 Bf7 32. Bd3 Ne6 33. Bxh7+ $1 Kxh7 34. Rxf7 Rd1+ 35. Rf1 Rd2 36. Rf2
Rd1+ 37. Rf1 Rd2 38. Re1 Kg6 (38... Rxc2 39. Bd4 $18) 39. Rb7 Rxc2 40. Rxb6 1-0

[Event "USA-ch"]
[Site "Seattle"]
[Date "2002.01.12"]
[Round "8"]
[White "Stripunsky, Alexander"]
[Black "Kaufman, Larry C"]
[Result "1-0"]
[WhiteElo "2542"]
[BlackElo "2400"]
[Annotator "Huzman,A"]
[PlyCount "77"]
[EventDate "2002.01.05"]
[EventType "swiss"]
[EventRounds "9"]
[EventCountry "USA"]
[SourceTitle "CBM 087"]
[Source "ChessBase"]
[SourceDate "2002.03.21"]
[SourceVersion "1"]
[SourceVersionDate "2002.03.21"]
[SourceQuality "1"]

1. e4 e5 2. Nf3 Nf6 3. Nxe5 d6 4. Nf3 Nxe4 5. Nc3 Nxc3 6. dxc3 Be7 7. Bf4 Nd7
8. Qd2 Nc5 9. O-O-O Bg4 10. h3 (10. Be2 Ne6 11. Be3 Bxf3 12. Bxf3 c6 13. Kb1
Qa5 14. Rhe1 O-O-O 15. Bg4 Rhe8 16. Bd4 Bf8 17. Re2 c5 18. Be3 d5 19. Bg5 Be7
20. Bxe7 Rxe7 21. Qg5 Qc7 22. Rxd5 $18 {1-0 Rutman A-Vunder A/It \ St.
Petersburg (Russia) 1997 (27)}) (10. Bb5+ $5 c6 11. Be2 Qa5 (11... d5 12. c4
Ne4 13. Qe3 O-O 14. cxd5 cxd5 15. h3 $1 Bc5 16. Qb3 Qf6 17. Be3 $14) 12. Kb1
Be6 13. c4 Qxd2 14. Bxd2 Ne4 $5 15. Be3 c5 $11 {1/2-1/2 Rublevsky,S-Tolstikh,N/
Russia 1994/Inf 61 (15)}) 10... Bxf3 11. gxf3 Qd7 12. Rg1 O-O-O (12... Qf5 13.
Be3 Ne6 14. Rg4) 13. Be3 (13. Rxg7 Ne6 14. Rxf7 (14. Rg1 Qa4 $17) 14... Nxf4
15. Qxf4 Bg5 $17) 13... Bf6 $11 14. Rg4 Qf5 (14... Qc6 15. Bg2 h5 16. Rb4 Rhe8
17. Bh1 $13) 15. Rf4 Qh5 16. h4 Kb8 (16... Bxh4 17. Bh3+ Kb8 18. Bg4 Qg6 19.
Bf5 Qf6 20. Bd4 Qe7 21. Re1 Ne6 22. Bxa7+ Kxa7 23. Bxe6 fxe6 24. Qd4+ Kb8 25.
Rxh4 $11) 17. Bg2 {[%cal Gf4b4,Gf3f4,Gg2b7,Gb4b7]} a6 (17... Ne6 $5 18. Ra4 a6
19. f4 d5) 18. Rb4 Rhe8 19. f4 $36 {<<} b6 20. a4 $1 Qf5 21. Bc6 Re7 22. a5 $40
Ka7 23. Qe2 {[%cal Ge2c4]} Qc8 24. Qc4 Bxh4 25. Kb1 $1 {A strong preventive
move.} Bf6 26. Ka2 h5 27. Bxc5 bxc5 28. Rb3 $1 {White's obvious advantage
after...might have proved insufficient for getting a full point} ({White's
obvious advantage after} 28. Rb7+ Qxb7 29. Bxb7 Kxb7 30. Qd5+ Ka7 31. Qxh5 $14
{might have proved insuffcient for getting a full point.}) 28... h4 29. Ka3 $1
(29. Qd5 Qe6 30. Qf3 Rb8 $17) 29... Rh8 30. Qd3 $1 {[%cal Gd3f3]} h3 31. Qf3
$18 Qf5 (31... Qe6 32. Rb7+ Ka8 33. Bd5 Qe2 34. Rxc7+ Kb8 35. Rb7+ Kc8 36. Be6+
$1 Qxe6 37. Qc6+ $18) 32. c4 $6 (32. Rb7+ Ka8 33. Rxd6 cxd6 34. Rxe7+ Kb8 35.
Rb7+ Kc8 36. Be4 $1 Qe6 37. Bf5 $1 $18) 32... Rb8 (32... Qxc2 33. Rb7+ Ka8 34.
Rxd6 $16) 33. Rdd3 (33. Rxb8 Kxb8 34. Qb3+ Kc8 35. Rd5 $1 Qg4 (35... Qe6 36. f5
$18) 36. Qb7+ Kd8 37. f5 Rd7 38. Rxd6 $1 Bxb2+ 39. Kxb2 Rxd6 40. Qc8+ Ke7 41.
f6+ $18 (41. Qxc7+ $18)) 33... Re1 34. Ka2 Qc8 $2 (34... h2 35. Rxb8 Kxb8 36.
Rb3+ Kc8 37. Qh3 Qxh3 38. Rxh3 g6 39. Rxh2 $16) (34... Rb4 35. Qxh3 Qxh3 36.
Rxh3 g6 37. Rxb4 cxb4 38. Rb3 $16) 35. Rxb8 Qxb8 (35... Kxb8 36. Rb3+ Ka7 37.
Rb7+ Qxb7 38. Bxb7 h2 39. Qc6 $18) 36. Rb3 $18 Qd8 37. Rb7+ Ka8 38. Rxc7+ Kb8
39. Qb3+ 1-0

[Event "Rijeka Liburnija 1st"]
[Site "Rijeka"]
[Date "2005.04.16"]
[Round "6"]
[White "Fercec, Nenad"]
[Black "Jovanic, Ognjen"]
[Result "1-0"]
[WhiteElo "2504"]
[BlackElo "2435"]
[Annotator "Huzman,A"]
[PlyCount "105"]
[EventDate "2005.04.11"]
[EventType "tourn"]
[EventRounds "11"]
[EventCountry "CRO"]
[EventCategory "10"]
[SourceTitle "CBM 107"]
[Source "ChessBase"]
[SourceDate "2005.08.01"]
[SourceVersion "1"]
[SourceVersionDate "2005.08.01"]
[SourceQuality "1"]

1. e4 e5 2. Nf3 Nf6 3. Nxe5 d6 4. Nf3 Nxe4 5. d4 d5 6. Bd3 Nc6 7. O-O Be7 8. c4
Nb4 9. cxd5 Nxd3 10. Qxd3 Qxd5 11. Re1 Bf5 12. Ne5 O-O-O 13. Qf3 g6 14. g4 (14.
Nc3 Nxc3 15. bxc3 Qxf3 16. Nxf3 (16. gxf3 Be6 17. Nxf7 Bxf7 18. Rxe7 Rd7 (18...
Bd5 19. f4 Rd7 20. Re5 Rf8 $11 {0-1 Haese,G-Zecha,G/CC-BdF-Meisterkl-Zwi 1988 
(35)}) 19. Re5 Re8 {1/2-1/2 Moreno Carnero,J-Dutreeuw,M/Mondariz 2000/CBM 79 
(19)}) 16... Rde8 17. a4 Bd8 (17... f6 18. Bh6 Kd7 $15 {0-1 Da Silva Filho,
A-Da Silva,F/CADAP 2000/ICCF tele 9/2002 (64)}) 18. Bh6 Rxe1+ 19. Rxe1 Bd7 20.
Ne5 Re8 21. Ra1 Be6 $15 {1/2-1/2 Shredder 4-Junior 6/Computers-ch Cadaques
2000 (105)}) 14... Bh4 (14... Rhg8 15. gxf5 gxf5+ 16. Kf1 Kb8 17. Nc3 Qxd4 18.
Bf4 f6 19. Rad1 Qb6 20. Nd7+ Rxd7 21. Rxd7 Bd6 {1-0 Rachels Stuart-Kelson,R/
USA op 1987 (21)}) 15. Nc3 (15. Nd3 $6 Rhg8 (15... Nxf2 16. Qxd5 Nh3+ $1 17.
Kg2 Rxd5 18. gxf5 Bxe1 19. Nxe1 Re8 $17 {0-1 Fernandez Garcia,J-Fernandez,A/
Las Palmas 1985 (40)}) 16. a4 h5 17. h3 hxg4 18. hxg4 Qxd4 $19 {0-1 Maximov,
D-Moskovets,K/Kiev 2001/EXT 2002 (63)}) (15. Re2 Qxd4 (15... Rhg8 16. gxf5 Qxd4
17. Kf1 Qxe5 18. Rxe4 Qb5+ 19. Re2 Rd1+ 20. Kg2 gxf5+ 21. Kh3 f4 22. Bxf4 Qf5+
23. Kxh4 Rd4 {0-1 Halasz-Arkhipov/Kecskemet 1984 (23)}) 16. gxf5 Nxf2 17. Qe3
Qd1+ 18. Re1 Nh3+ 19. Kg2 Bxe1 20. Nc3 Bxc3 21. bxc3 gxf5 22. Qf3 Rhg8+ {
0-1 Holub,J-Bartos,J/Czechia 2001/EXT 2002 (22)}) 15... Nxc3 16. bxc3 Be6 17.
g5 (17. Qxd5 Bxd5 (17... Rxd5 18. g5 $1 $16) 18. c4 f6 19. cxd5 fxe5 20. dxe5
Rxd5 21. Re2 (21. Re4 Be7 22. Be3 g5 23. Rc1 c5 24. Rf1 h5 25. gxh5 Rxh5 $15 {
0-1 Hrdina,J-Langlois,D/ICCF-Cup8/9 V124 corr 1990/Corr 2000 (52)}) 21... Kd7
22. f4 Ke6 23. Be3 Be7 24. Rc1 {1/2-1/2 Hazai,L-Tischbierek,R/Leipzig 1986/EXT
97 (24)}) 17... h6 $6 {This new move makes problems only for Black.} (17...
Rhe8 18. c4 (18. Be3 f6 19. gxf6 Qxf3 20. Nxf3 Bxf6 $15 {0-1 Berclaz,P-Bormida,
A/ICCF EM/M/A001 1996 (40)}) 18... Qxd4 19. Rb1 c6 (19... Bd5 $5) 20. Bf4 Qc5
21. Nxc6 Rd3 22. Rxe6 fxe6 23. Qxd3 Qxf2+ 24. Kh1 Qxf4 25. Nxa7+ {1/2-1/2
Wahls-Jusupow/BL 1992 (33)}) 18. Qxd5 Rxd5 $2 ({It will be more difficult for
White to get advantage after} 18... Bxd5 $5 19. c4 (19. gxh6 Rde8 20. Be3 Bf6
$44) 19... Be6 20. d5 Bd7 $1 (20... Bh3 21. Re4 hxg5 22. Nxf7 Rhe8 23. Rxe8
Rxe8 24. Bxg5 $16) 21. Be3 (21. Nxd7 Rxd7 22. gxh6 b5 23. cxb5 Rxd5 24. a4 Bg5
25. Ra3 Rxh6 $11) 21... Be8 22. gxh6 Bf6 23. Bf4 g5 24. Bd2 b5 25. Rac1 bxc4
26. Ng4 Bd4 27. Bxg5 Rxd5 28. h4 Bb5 $11) 19. Nxg6 $1 $16 fxg6 20. Rxe6 Bxg5
21. Rxg6 ({White would have more chances to win if they prevent exchange of
the bishops.} 21. f4 Bh4 22. Rxg6 Be1 23. c4 Bc3 24. cxd5 Bxa1 (24... Bxd4+ 25.
Kg2 Bxa1 26. Kf3 $16) 25. Be3 (25. Kf2 Rd8 26. Kf3 Rxd5) 25... Rd8 26. Kf2 (26.
d6 Rxd6 (26... cxd6 27. Rxh6 $18) 27. Rxd6 cxd6 28. d5 $1 a6 29. f5 h5 30. Bb6
(30. Kg2 Kd7) 30... Kd7 31. Kg2 Ke7 32. Kf3 Be5 33. h3 Kf6 34. Ke4 Kg5 35. a4
$11) 26... Rxd5 27. Kf3 Bxd4 28. Ke4 Bxe3 29. Kxd5 Bxf4 30. Rg8+ Kd7 31. Rg7+
Kc8 32. h4 $16) 21... Re8 22. Bxg5 (22. Kf1 $16) 22... hxg5 23. Kf1 c5 $132 24.
Rg7 $1 cxd4 25. cxd4 a5 $2 (25... Rxd4 26. Rc1+ Kb8 27. Rcc7 (27. Rxg5 Rd2 28.
a4 Rf8 $132) 27... Rb4 $11) 26. Rb1 (26. Rc1+ Kb8 27. Rcc7 Rb5 $132) 26... b5
27. Rc1+ Kb8 28. Rc6 (28. Rcc7 b4 29. Rb7+ Ka8 $16) 28... b4 29. Rb6+ Kc8 30.
Ra6 Kb8 31. Rga7 Re4 32. Rxa5 Rdxd4 (32... Rexd4 33. Kg2 Rd2 34. Kg3 Rd1 35.
Rxd5 Rxd5 36. Ra4 Rb5 37. f4 Kc7 38. fxg5 Rxg5+ 39. Kh4 Rb5 40. Kg4 Kd6 $11)
33. Rf7 Rf4 $2 {Only this move is the decisive mistake.} 34. Rxf4 gxf4 35. Kg2
$18 Kc7 36. Ra4 $1 Kd6 (36... Kc6 37. a3 Rd3 38. Rxb4 f3+ 39. Kg3 Rxa3 40. Rd4
$18) 37. a3 Ke5 38. Rxb4 Rd3 39. Ra4 $18 Kf5 40. Ra8 Kg4 41. h3+ Kh4 42. a4 Ra3
43. a5 f3+ 44. Kh2 Ra2 45. a6 Rxf2+ 46. Kg1 Rg2+ 47. Kf1 Rg7 48. Kf2 Kxh3 49.
Kxf3 Kh4 50. Ke4 Kh5 51. Rc8 Rd7 52. Rc5+ Kg6 53. Ra5 1-0

[Event "EU-ch 2nd"]
[Site "Ohrid"]
[Date "2001.06.05"]
[Round "5"]
[White "Sutovsky, Emil"]
[Black "Volzhin, Alexander"]
[Result "1-0"]
[WhiteElo "2604"]
[BlackElo "2528"]
[Annotator "Huzman,A"]
[PlyCount "77"]
[EventDate "2001.06.01"]
[EventType "swiss"]
[EventRounds "13"]
[EventCountry "YUG"]
[SourceTitle "CBM 084"]
[Source "ChessBase"]
[SourceDate "2001.09.13"]
[SourceVersion "1"]
[SourceVersionDate "2001.09.13"]
[SourceQuality "1"]

1. e4 e5 2. Nf3 Nf6 3. Nxe5 d6 4. Nf3 Nxe4 5. d4 d5 6. Bd3 Bd6 7. O-O O-O 8. c4
c6 9. Qc2 Na6 10. a3 f5 11. Nc3 Nc7 12. c5 Be7 13. Ne2 Bf6 (13... Ne6 14. Nf4 (
14. b4 Bf6 15. Bb2 a6 16. a4 g6 17. Ne5 Bg7 18. f3 $14 {Kapustin - Kuzenkov,
corr 1986[Jussupow] (18)}) 14... Bf6 (14... N6g5 15. Nxg5 Nxg5 16. Re1 Bf6 17.
Be3 g6 18. f3 Qc7 19. Qf2 Qg7 20. Rad1 Re8 21. Bc2 Bd7 22. Kh1 Re7 23. Qg3 Nf7
24. Bg1 Rae8 $11 {0-1 Sherzer,A-Wolff,P/Philadelphia 1987/EXT 97 (50)}) 15.
Nxe6 Bxe6 16. Bf4 Bf7 (16... Qe8 17. Be5 Qh5 18. Qb3 Bxe5 19. Nxe5 Rab8 20.
Rfe1 Qh6 21. f3 Ng5 22. Re2 Qh4 23. Qc3 Rf6 24. g3 Qh5 25. Rf1 Rbf8 26. b4 a6
27. a4 f4 28. g4 Qh3 29. b5 axb5 30. axb5 h5 $132 {1-0 Kulaots,K-Lauk,U/
Tallinn op 2000/CA (44)}) 17. Be5 Bh5 18. Bxf6 Qxf6 19. Ne5 Rad8 20. f3 Ng5 21.
Rfe1 Ne6 22. Qf2 f4 23. b4 Rfe8 24. Qb2 Re7 25. Re2 Rde8 26. Rae1 Bg6 27. Bxg6
hxg6 28. a4 $36 {1-0 Gipslis,A-Raetsky,A/Berlin 1993/TD (44)}) 14. Nd2 (14. Bf4
g5 (14... Ne6 15. Be5 N6g5 (15... Bxe5 16. Nxe5 Qf6 17. f4 $14) 16. Nxg5 Bxg5
17. Nf4 $36) 15. Be5 Ne6 16. b4 g4 17. Nd2 Bxe5 18. dxe5 Nxd2 19. Qxd2 Qc7 (
19... f4 20. f3 $16) 20. Qc3 f4 21. f3 Qg7 $132) 14... Ne6 15. Nb3 Bd7 (15...
a5 $5 16. a4 (16. Be3 a4 17. Nbc1 f4 $36) 16... b6 17. f3 bxc5 18. dxc5 Rb8
$132) 16. f3 Be8 17. Kh1 g6 18. Bh6 Ng7 19. fxe4 fxe4 20. Bxe4 dxe4 21. Nc3 $16
Bf7 22. Nxe4 Be7 23. Nc3 Bc4 24. Rxf8+ Qxf8 25. Na5 (25. Ne4 Bd5 26. Nbd2 Qf5
27. Rf1 Qe6 28. Bxg7 Kxg7 29. Nc3 Rd8 $44) 25... Qf7 26. Bxg7 Kxg7 27. Nxb7 Rf8
28. h3 Qf6 29. Re1 (29. Qe4 $1 $16) 29... Rf7 30. Ne4 (30. Qd2 Qh4 31. Nd6 Bg5
32. Qd1 Bb3 33. Qe2 Re7 (33... Rf2 34. Qe5+) 34. Nde4 Bc4 35. Qd1 Bb3 $11)
30... Qh4 (30... Qxd4 31. Nbd6 Rf1+ 32. Rxf1 Bxf1 33. Qb3 $18) 31. Qc3 Bd5 32.
Nbd6 Bxd6 33. Nxd6 Rf2 (33... Bxg2+ 34. Kxg2 Qf2+ 35. Kh1 Rf3 36. Re7+ (36. Ne4
Rxh3+ 37. Qxh3 Qxe1+ 38. Kh2 Qxe4 $11) 36... Kf8 37. Re8+ Kg7 $11) 34. Qe3 Rxg2
$2 {[%mdl 8192]} (34... Rxb2 35. Qe5+ Kh6 36. Re4 Qg5 37. Qxg5+ Kxg5 38. Rg4+
Kf6 $44) (34... Bxg2+ $2 35. Kg1 Rxb2 36. Qe5+ $18) 35. Qe5+ Kh6 36. Nf7+ Bxf7
37. Kxg2 Bd5+ 38. Kg1 Qxh3 39. Qh2 1-0

[Event "Corus"]
[Site "Wijk aan Zee"]
[Date "2002.01.22"]
[Round "9"]
[White "Adams, Michael"]
[Black "Piket, Jeroen"]
[Result "1/2-1/2"]
[WhiteElo "2742"]
[BlackElo "2659"]
[Annotator "Huzman,A"]
[PlyCount "53"]
[EventDate "2002.01.12"]
[EventType "tourn"]
[EventRounds "13"]
[EventCountry "NED"]
[EventCategory "18"]
[SourceTitle "CBM 087"]
[Source "ChessBase"]
[SourceDate "2002.03.21"]
[SourceVersion "1"]
[SourceVersionDate "2002.03.21"]
[SourceQuality "1"]

1. e4 e5 2. Nf3 Nf6 3. Nxe5 d6 4. Nf3 Nxe4 5. d4 d5 6. Bd3 Bd6 7. O-O O-O 8. c4
c6 9. Qc2 Na6 10. a3 f5 11. Nc3 Nc7 12. c5 Be7 13. Ne2 (13. Bf4 Ne6 14. Be5 Bf6
15. Ne2 (15. Bxf6 $5 Qxf6 16. Ne2 Bd7 17. Qb3 Rab8 18. Qa4 a6 19. Qb4 $14 {
1-0 Saleh Khaled 1207 EGY-Sullivan Jerry 1300 US/CL6-1997.06 1997 (33)}) 15...
Qe8 (15... Bd7 16. b4 Rc8 17. Qb2 Kh8 18. Bxf6 Rxf6 19. Ne5 Be8 20. f3 N4g5 21.
Rad1 $16 {0-1 Hazai,L-Valkesalmi,K/Espoo 1987/EXT 97 (57)}) (15... g5 16. b4 (
16. h3 h5 17. Bh2 g4 18. hxg4 hxg4 19. Ne5 Bxe5 20. Bxe5 Rf7 21. f3 Qg5 22.
fxe4 Qe3+ 23. Rf2 fxe4 24. Ng3 exd3 25. Qd2 Qxd2 26. Rxd2 Nf4 27. Bxf4 Rxf4 28.
Rxd3 $11 {1/2-1/2 Wolf,W-Lueckert,B/DDR-ch H170 corr 1974/CR97-74 (53)}) 16...
a5 17. Qb2 axb4 18. axb4 Rxa1 19. Rxa1 g4 20. Bxf6 Rxf6 21. Ne5 Rh6 22. g3 Qe8
23. Ra8 $16 {1-0 Rodriguez Lopez,R-Hernandez,Y/Mondariz 1995/EXT 97 (33)}) 16.
b4 Bxe5 17. Nxe5 Nxd4 18. Nxd4 Qxe5 19. Nf3 Qf6 20. Rac1 Bd7 21. Rfe1 Rae8 $17
{0-1 Franke,H-Dempster,D/WT/M\406 1990 (35)}) 13... Ne6 (13... Bf6 14. Nd2 Ne6
15. Nb3 Bd7 16. f3 Be8 17. Kh1 g6 18. Bh6 Ng7 19. fxe4 fxe4 20. Bxe4 dxe4 21.
Nc3 Bf7 22. Nxe4 Be7 23. Nc3 Bc4 24. Rxf8+ Qxf8 25. Na5 Qf7 26. Bxg7 Kxg7 27.
Nxb7 Rf8 28. h3 Qf6 29. Re1 Rf7 30. Ne4 Qh4 31. Qc3 Bd5 32. Nbd6 Bxd6 33. Nxd6
Rf2 34. Qe3 Rxg2 35. Qe5+ Kh6 36. Nf7+ Bxf7 37. Kxg2 Bd5+ 38. Kg1 Qxh3 39. Qh2
{1-0 Sutovsky,E-Volzhin,A/Ohrid MKD 2001/ (39)}) 14. b4 (14. Nf4 N6g5 (14...
Bf6 15. Nxe6 Bxe6 16. Bf4 Bf7 (16... Qe8 17. Be5 Qh5 18. Qb3 Bxe5 19. Nxe5 Rab8
20. Rfe1 Qh6 21. f3 $16 {1-0 Kulaots,K-Lauk,U/Tallinn op 2000/CA (44)}) 17. Be5
Bh5 18. Bxf6 Qxf6 19. Ne5 Rad8 20. f3 Ng5 21. Rfe1 Ne6 22. Qf2 f4 23. b4 $16 {
1-0 Gipslis,A-Raetsky,A/Berlin 1993/TD (44)}) 15. Nxg5 Nxg5 16. Re1 (16. b4 Bf6
17. Qc3 Ne4 18. Qb2 b6 19. Nh5 Be7 20. f3 Nf6 21. Ng3 g6 22. Bf4 Rf7 23. Rfe1
Bf8 24. Re2 a5 25. Rae1 $14 {1/2-1/2 Kulaots,K-Lauk,U/Puhajarve EST 2001/ (61)}
) 16... Bf6 17. Be3 g6 18. f3 Qc7 19. Qf2 Qg7 20. Rad1 Re8 21. Bc2 Bd7 22. Kh1
Re7 23. Qg3 Nf7 $11 {0-1 Sherzer,A-Wolff,P/Philadelphia 1987/EXT 97 (50)})
14... Bf6 15. Bb2 {[%cal Gf3e5]} Qc7 16. Rfe1 (16. Ne5 Nxd4 17. Bxd4 Bxe5 $17)
16... Bd7 17. Rad1 g6 {probably, a waste of time. More logical would be} (17...
Rae8 $5) 18. Nc1 g5 19. Nb3 Rae8 20. Ne5 {this is the point of White's whole
plan} Nxd4 21. Bxd4 Bxe5 22. Bxe5 Rxe5 23. Qc1 Re6 (23... f4 24. Nd4 g4 (24...
h6 25. Nf3 Re6 (25... Re7 26. Bxe4 dxe4 27. Qc4+ Kh7 28. Rxe4 $14)) 25. f3 Ng5)
24. g3 Rg6 25. Nd4 Bc8 26. Bb1 h5 27. f3 (27. f3 Nxg3 28. Qd2 Ne4 29. fxe4 fxe4
$13) 1/2-1/2

[Event "Lvov Cup of Galychina"]
[Site "Lvov"]
[Date "2001.12.24"]
[Round "7"]
[White "Volokitin, Andrei"]
[Black "Kazakov, Mikhail"]
[Result "1-0"]
[WhiteElo "2566"]
[BlackElo "2473"]
[Annotator "Huzman,A"]
[PlyCount "83"]
[EventDate "2001.12.18"]
[EventType "tourn"]
[EventRounds "11"]
[EventCountry "UKR"]
[EventCategory "11"]
[SourceTitle "CBM 087"]
[Source "ChessBase"]
[SourceDate "2002.03.21"]
[SourceVersion "1"]
[SourceVersionDate "2002.03.21"]
[SourceQuality "1"]

1. e4 e5 2. Nf3 Nf6 3. Nxe5 d6 4. Nf3 Nxe4 5. Nc3 Nxc3 6. dxc3 Be7 7. Be3 Nc6
8. Qd2 O-O 9. O-O-O Ne5 10. Nd4 c5 11. Nb5 Qa5 12. a3 a6 (12... Be6 13. Nxd6
Qb6 14. f4 $1 Ng4 15. f5 Qxd6 16. Qxd6 Bxd6 17. Rxd6 Nxe3 18. fxe6 fxe6 19. Bd3
Rae8 20. Be4 Re7 21. Re1 Ng4 22. h3 Nf6 23. Bf3 $14 {1/2-1/2 Kramnik,
V-Kasparov,G/New York PCA-Intel GP 1995/EXP 47/[Vaisser] (66)}) 13. Nxd6 Rd8
14. Nxc8 Raxc8 (14... Rxd2 15. Nxe7+ Kf8 16. Rxd2 Kxe7 17. Rd5 Nd7 18. Be2 b6
19. Bf3 Nf8 20. Re5+ Kf6 21. Bd4 {1-0 Van der Wiel-Van der Sterren/Nederland
1983 (21)}) 15. Qe2 (15. Qe1 Rxd1+ 16. Qxd1 Rd8 17. Qe1 b5 18. Bd2 Bf6 19. f4
Nc6 20. Bd3 g6 21. Qe4 Qb6 22. Qe3 a5 23. Rd1 b4 24. cxb4 axb4 25. a4 Nd4 26.
b3 Qc6 {1/2-1/2 Forchert,N-Raetsky,A/Germany 1996/EXT 98 (26)}) 15... b5 16.
Rxd8+ Rxd8 17. Bd2 $1 $146 (17. Bxc5 $2 Bxc5 18. Qxe5 Bxa3 $1 19. Bd3 Bd6 $17 {
1/2-1/2 Baciu Ionescu,O-Ionescu Brandis,I/Bucharest 1998/EXT 99/[Marin] (30)})
(17. Qh5 $142 {Marin}) 17... Ng6 {[%cal Yb5b4]} (17... b4 18. Qxa6 $1 (18. cxb4
cxb4 19. Qe1 Qd5 $1 20. axb4 Qa2 21. c3 Bg5 $1 $17) (18. Qxe5 bxa3 19. bxa3
Qxa3+ 20. Kd1 Bf6 $40) 18... Qxa6 19. Bxa6 bxa3 20. bxa3 Ra8 21. Re1 $16) (
17... Qc7 $5 18. Kb1 (18. Qe1 Qd6 $44 {[%cal Yd6d5,Yd5a2,Yd5g2]}) 18... Nc4 19.
Bc1 Bf6 20. Qe4 $14) 18. Kb1 (18. Qh5 $5) 18... b4 19. cxb4 cxb4 20. axb4 Bxb4
21. Bc1 $1 {[%cal Ge2a6]} Be7 22. g3 (22. Qxa6 Qe1 23. Qe2 Qa5 $132 {[%cal
Yd8a8]}) 22... Qd5 (22... Bf6 23. Qxa6 Qd5 24. Rg1 Rb8 25. Bc4 Qd4 26. Bb3 $16)
23. Rg1 a5 24. Bg2 Qd6 25. Qb5 $16 Qc7 26. Re1 Rb8 27. Qc6 $18 {Any endgame is
favourable for White, while Black has no real counterplay.That's why White's
position is winning.} Qd8 28. Bh3 Bf6 29. Qd7 Qf8 30. Re4 $1 h6 31. f4 $1 {
[%csl Rg6]} Kh7 32. Qc7 Rb5 33. Bf1 Rc5 34. Qd7 Ne7 35. Bd3 g6 36. g4 Nd5 37.
Re8 Qg7 38. f5 (38. g5 Bd4 39. f5 $18) 38... g5 39. Qd6 Nc3+ (39... Nc7 40. Re2
$18) (39... Bd4 40. f6+ $18) 40. bxc3 Rxc3 41. Bb2 Rxd3 42. Qxf6 1-0